Top 10 paesi indù - Statistics

Statistiche generali
  • Questo quiz è stato fatto 172 volte
  • Il punteggio medio è 7 su 10
Statistiche sulle risposte
Indù Paesi % Corretto
1,040 mil India
100%
23.5 mil Nepal
93%
3.63 mil Pakistan
92%
13.6 mil Bangladesh
84%
2.67 mil Sri Lanka
82%
0.893 mil Myanmar
79%
10.0 mil Indonesia
73%
1.95 mil Malesia
63%
2.23 mil Stati Uniti
44%
0.832 mil Regno Unito
33%
Nessun quiz corrispondente trovato
Distribuzione punteggi
Percentuale di utenti per punteggio
Percentile per numero di risposta
I tuoi punteggi nel tempo
Non hai fatto questo quiz